000 01150nam a2200289 a 4500
001 000027157
005 20240408175713.0
008 110330s2003 dr abc 000 0 spa d
020 _a9993489891
040 _aDO-SdBNP
_bspa
_cBNPHU
082 _a972.93697
_bV422
245 0 0 _aLa Vega /
_ccoordinación general Darío Tejada ; dirección editorial Enriquillo Sánchez.
260 _aSanto Domingo :
_bBanreservas,
_c2003.
300 _a102 p. :
_bil., mapas, retrs. ;
_c26 cm.
490 1 _aFragmentos de Patria
504 _aBibliografía: p. 100-101.
650 4 _aCiudades y pueblos
_zRepública Dominicana
_9784
651 0 _a Concepción de la Vega (Republica Dominicana )
_92180
651 4 _aLa Vega (República Dominicana{Rpara}
_xBiografías
_954217
651 4 _aLa Vega (República Dominicana{Rpara}
_xDescripciones Y Viajes
_954218
651 4 _aLa Vega (República Dominicana{Rpara}
_xVida Social Y Costumbres
_98244
700 1 2 _aTejada, Darío
_ecoord.
_918722
700 1 2 _aSánchez, Enriquillo,
_d1947-2004
_eed.
_926468
830 0 _aFragmentos de Patria
_944949
910 _aValidado. Control de calidad EMS.
049 _aBNPD
999 _c26649
_d26649